Welcome to WEB OPAC of MRSPTU Central Library

Elements of solid state Physics (Record no. 4518)

MARC details
000 -LEADER
fixed length control field 00416nam a2200169Ia 4500
008 - FIXED-LENGTH DATA ELEMENTS--GENERAL INFORMATION
fixed length control field 230711s9999||||xx |||||||||||||| ||und||
020 ## - INTERNATIONAL STANDARD BOOK NUMBER
International Standard Book Number 978-81-203-5066-3
041 ## - LANGUAGE CODE
Language code of text/sound track or separate title ENG
082 ## - DEWEY DECIMAL CLASSIFICATION NUMBER
Classification number 530.4
Item number SR-S
100 ## - MAIN ENTRY--PERSONAL NAME
Personal name Srivastava,J.P
245 #0 - TITLE STATEMENT
Title Elements of solid state Physics
250 ## - EDITION STATEMENT
Edition statement 4th Ed.
260 ## - PUBLICATION, DISTRIBUTION, ETC.
Date of publication, distribution, etc. 2016
Place of publication, distribution, etc. New Delhi
Name of publisher, distributor, etc. PHI Learning Private Limited
300 ## - PHYSICAL DESCRIPTION
Extent 587
650 ## - SUBJECT ADDED ENTRY--TOPICAL TERM
Topical term or geographic name entry element Physics
942 ## - ADDED ENTRY ELEMENTS (KOHA)
Koha item type Book
Holdings
Withdrawn status Lost status Damaged status Not for loan Collection Home library Current library Date acquired Total checkouts Full call number Barcode Date last seen Date last checked out Price effective from Koha item type Cost, normal purchase price Inventory number
          MRSPTU Central Library MRSPTU Central Library   1 530.4 SR-S 15456 04/02/2025 03/22/2025 08/17/2023 Book    
          MRSPTU Central Library MRSPTU Central Library     630 SR-S 15457 08/17/2023   08/17/2023 Book    
          MRSPTU Central Library MRSPTU Central Library     530.4 SR-S 31174 08/17/2023   08/17/2023 Book 595.00 49642486
          MRSPTU Central Library MRSPTU Central Library   1 530.41 SR-S 34539 04/21/2025 03/22/2025 08/17/2023 Book    
          MRSPTU Central Library MRSPTU Central Library     530.41 SR-S 34540 08/17/2023   08/17/2023 Book    
          MRSPTU Central Library MRSPTU Central Library   2 530.41 SR-S 34541 12/16/2025 11/20/2025 08/17/2023 Book    
          MRSPTU Central Library MRSPTU Central Library   2 530.41 SR-S 34542 02/21/2025 02/03/2025 08/17/2023 Book    
          MRSPTU Central Library MRSPTU Central Library   3 530.41 SR-S 34543 12/15/2023 11/23/2023 08/17/2023 Book    

Website Designed and Developed by MRSPTU Central Library Team

E-mail Id: librarian@mrsptu.ac.in